[Event "ARG-chT ART Semillero U21"]
[Site "Villa Martelli"]
[Date "2017.06.17"]
[Round "6"]
[White "Mayeregger, Guadalupe Milagros"]
[Black "Repetto, Pedro"]
[Result "1-0"]
[WhiteElo "1530"]
[BlackElo "1411"]
[PlyCount "147"]
[EventDate "2017.05.13"]
[EventType "team-swiss"]
[EventRounds "7"]
[EventCountry "ARG"]
[SourceTitle "EXT 2018"]
[Source "ChessBase"]
[SourceDate "2017.10.13"]
[SourceVersion "1"]
[SourceVersionDate "2017.10.13"]
[SourceQuality "1"]
[WhiteTeam "Escuela Municipal Moreno U21"]
[BlackTeam "Centro Univ CUV U21"]
[WhiteTeamCountry "ARG"]
[BlackTeamCountry "ARG"]

1. d4 Nf6 2. e3 g6 3. Be2 Bg7 4. Nf3 d5 5. 0-0 0-0 6. b4 Ne4 7. Bb2 a5 8. b5 c5 9. c4 dxc4 10. Bxc4 a4 11. Qc2 Nd6 12. Rd1 Bf5 13. Bd3 Bxd3 14. Rxd3 c4 15. Ra3 Nd7 16. Rxa4 Rxa4 17. Qxa4 Nb6 18. Qb4 Nd5 19. Qc5 e6 20. Ba3 Ne4 21. Qxc4 Re8 22. Nbd2 Nxd2 23. Nxd2 Qa5 24. Bc1 Nb6 25. Qe2 Rc8 26. Nb3 Qc3 27. Bd2 Qb2 28. Qd3 Nd5 29. Bc1 Qc2 30. Qxc2 Rxc2 31. Ba3 Nc3 32. Bb4 Nxb5 33. Rc1 Rxc1+ 34. Nxc1 Bf8 35. Bxf8 Kxf8 36. Kf1 Ke7 37. Ke2 Kd6 38. Kd3 Kc6 39. Nb3 b6 40. a4 Nd6 41. f3 Nc8 42. e4 Ne7 43. h4 h6 44. Kc4 h5 45. g4 f5 46. gxh5 gxh5 47. Nd2 Ng6 48. d5+ exd5+ 49. exd5+ Kc7 50. Kd4 Nxh4 51. Ke5 Kd7 52. f4 Ng6+ 53. Kxf5 Ne7+ 54. Ke4 h4 55. Nc4 h3 56. Nxb6+ Kc7 57. d6+ Kxd6 58. Kf3 Ng6 59. f5 Nf4 60. Kg3 Nd3 61. Kxh3 Ke5 62. Kg4 Kf6 63. Nd5+ Kf7 64. a5 Ne5+ 65. Kf4 Nc6 66. a6 Kg7 67. Nc7 Na7 68. Kg5 Kf7 69. f6 Kf8 70. Kg6 Nc6 71. Nb5 Ne5+ 72. Kf5 Nc4 73. a7 Nb6 74. Nc7 1-0